Estudio del rǧimen fiscal de empresas constructoras

Bibliographic Details
Main Author: Matheln̕ Leyva, Carlos R.
Format: eBook
Language:Spanish
Published: Mx̌ico D.F. : Instituto Mexicano de Contadores Pb︢licos, 2012
Subjects:
Online Access:http://www.vlex.com/source/7120

MARC

LEADER 00000nam a22000007a 4500
005 20130225184849.0
007 cr|||| ||||
008 130225e2012 mx |||||s|||| 00||0 spa d
020 |a 978-607-7621-00-3 
035 |a 7120 
040 |a vLex 
090 |c 3761  |d 3761 
100 1 0 |a Matheln̕ Leyva, Carlos R.  
245 1 0 |a Estudio del rǧimen fiscal de empresas constructoras  |h [Recurso electrn̤ico] 
256 |a Servicio en ln̕ea 
260 |a Mx̌ico D.F. :  |b Instituto Mexicano de Contadores Pb︢licos,   |c 2012 
300 |a 1 Recurso electrn̤ico 
650 0 4 |a Derecho tributario  |z Mx̌ico 
650 0 4 |a Administracin̤ (Management)  |z Mx̌ico 
650 0 4 |a Construccin̤  |z Mx̌ico 
650 0 4 |a Empresa  |z Mx̌ico 
740 |a vLex Libros (Servicio en ln̕ea) 
856 |a Acceso restringido  |u http://www.vlex.com/source/7120 
942 |c BOOK 
999 0 |a Taxation